[Event "XIII Festival A"]
[Site "Lucca ITA"]
[Date "2001.10.??"]
[Round "4"]
[White "Bondielli, Giorgio"]
[Black "Jones, Gawain C.B."]
[Result "1/2-1/2"]
[WhiteElo "2006"]
[BlackElo "2216"]
[PlyCount "74"]
[EventDate "2001.10.06"]

1. e4 e6 2. d4 d5 3. e5 c5 4. c3 Nc6 5. Nf3 Bd7 6. Bd3 Qb6 7. dxc5 Bxc5 8. O-O
a5 9. a4 f5 10. Na3 Nge7 11. Nb5 O-O 12. Qe2 Be8 13. Ng5 Nd8 14. Kh1 h6 15. Nh3
Nf7 16. Nf4 Bxb5 17. Bxb5 Ng5 18. Nd3 Nc6 19. f3 Be7 20. Nf4 Kf7 21. h4 Nh7 22.
h5 Bg5 23. Ng6 Bxc1 24. Nxf8 Bxb2 25. Qxb2 Nxf8 26. Qe2 Nd7 27. f4 Nc5 28. Qf2
Qa7 29. c4 Ne4 30. Qxa7 Nxa7 31. Kh2 d4 32. Rfd1 Rd8 33. Kg1 d3 34. Ra3 Nc5 35.
Kf2 Rd4 36. g3 Nxb5 37. cxb5 b6 1/2-1/2

[Event "XIII Festival A"]
[Site "Lucca ITA"]
[Date "2001.10.??"]
[Round "4"]
[White "Frugoli, Francesco"]
[Black "Buli, Vangjel"]
[Result "0-1"]
[WhiteElo "1858"]
[BlackElo "2039"]
[PlyCount "88"]
[EventDate "2001.10.06"]

1. d4 Nf6 2. Nf3 e6 3. Bf4 b6 4. e3 Be7 5. Nbd2 Nh5 6. Bg3 Bb7 7. Bd3 d6 8. Qe2
Nd7 9. e4 g6 10. Nc4 O-O 11. O-O Nxg3 12. fxg3 c5 13. Rae1 b5 14. Nxd6 Bxd6 15.
e5 Be7 16. h4 a6 17. h5 cxd4 18. Nh2 Nc5 19. Ng4 Bg5 20. Nf6+ Kg7 21. Nxh7 Be3+
22. Kh1 Nxd3 23. Qxd3 Qe7 24. Nxf8 Rxf8 25. Rf6 Bc6 26. Ref1 Be8 27. g4 Qc5 28.
Qe4 Qc6 29. Qxc6 Bxc6 30. Kh2 Be4 31. hxg6 Bxg6 32. c3 dxc3 33. bxc3 Rc8 34.
R6f3 Bd2 35. R1f2 Bxc3 36. Rc2 Rc5 37. g3 Bxe5 38. Rd2 b4 39. a3 a5 40. axb4
axb4 41. Rb3 Bc3 42. Rf2 Ra5 43. Rf4 Ra2+ 44. Kh3 Bc2 0-1

[Event "XIII Festival A"]
[Site "Lucca ITA"]
[Date "2001.10.??"]
[Round "4"]
[White "Mola, Pietro"]
[Black "Bini, Lorenzo"]
[Result "1-0"]
[WhiteElo "2262"]
[BlackElo "2052"]
[PlyCount "86"]
[EventDate "2001.10.06"]

1. e4 d6 2. d4 g6 3. Nf3 Bg7 4. Bc4 Nf6 5. Qe2 Nc6 6. O-O O-O 7. c3 d5 8. exd5
Nxd5 9. Re1 Bg4 10. h3 Bxf3 11. Qxf3 e6 12. Nd2 Nf6 13. Nb3 Nd7 14. Qg3 a5 15.
a4 Nb6 16. Bf1 Nd5 17. Bg5 Bf6 18. Bd2 Rb8 19. Rad1 b6 20. Bc1 Bh4 21. Qg4 h5
22. Qe2 Bf6 23. Nd2 Bg7 24. Nf3 Qd6 25. Qc2 Rfc8 26. Bc4 Nce7 27. Ba2 b5 28.
axb5 Rxb5 29. Qe2 Rbb8 30. Ng5 Nf5 31. Ne4 Qc6 32. Ng5 Re8 33. Nf3 a4 34. Ne5
Qd6 35. Qf3 Rf8 36. Nc4 Qa6 37. Ne5 Rbd8 38. Bc4 Qb7 39. Bf1 c6 40. Nc4 Nd6 41.
Na3 Ra8 42. c4 Nb4 43. Bf4 Nf5 1-0

[Event "XIII Festival A"]
[Site "Lucca ITA"]
[Date "2001.10.??"]
[Round "4"]
[White "Rinaldi, Francesco Saverio"]
[Black "Innocenti, Luca"]
[Result "0-1"]
[WhiteElo "1878"]
[BlackElo "1722"]
[PlyCount "72"]
[EventDate "2001.10.06"]

1. c4 e6 2. Nc3 b6 3. e4 Bb7 4. d4 Bb4 5. Bd3 Bxc3+ 6. bxc3 Ne7 7. Nf3 d6 8.
O-O Nd7 9. Re1 Ng6 10. Ng5 h6 11. Nh3 e5 12. f4 Nxf4 13. Nxf4 exf4 14. Bxf4 Qf6
15. Qg4 g5 16. Bd2 O-O-O 17. e5 dxe5 18. Rxe5 Kb8 19. Rf5 Qg7 20. Raf1 f6 21.
Be4 Bxe4 22. Qxe4 Rhe8 23. Qf3 Qe7 24. c5 Nxc5 25. Re1 Ne4 26. Bc1 Qe6 27. a4
a5 28. g4 Rd5 29. Kg2 Rxf5 30. gxf5 Qc6 31. Kg1 Kb7 32. c4 Nd6 33. Qxc6+ Kxc6
34. Re6 Rxe6 35. fxe6 Nxc4 36. Kf2 Kd6 0-1

[Event "XIII Festival A"]
[Site "Lucca ITA"]
[Date "2001.10.??"]
[Round "4"]
[White "Scivales, Daniel"]
[Black "Frilli, Guido"]
[Result "1-0"]
[WhiteElo "1874"]
[BlackElo "1708"]
[PlyCount "149"]
[EventDate "2001.10.06"]

1. e4 c6 2. d4 d5 3. Nd2 dxe4 4. Nxe4 Nd7 5. Nf3 Ngf6 6. Ng3 e6 7. Bd3 c5 8.
O-O cxd4 9. Nxd4 Bc5 10. Nb3 Be7 11. Re1 O-O 12. Qe2 Nc5 13. Nxc5 Bxc5 14. Bf4
Nd5 15. Bd2 Bd7 16. Ne4 Be7 17. c4 Nf6 18. Bc3 Bc6 19. Ng3 Nd7 20. Rad1 Bf6 21.
Bb4 Be7 22. Qh5 g6 23. Qh6 Bg5 24. Qh3 Be7 25. Bxe7 Qxe7 26. Qh6 Nf6 27. Qg5
Nd5 28. Qh6 Nf6 29. Qg5 Nd5 30. Qe5 Nb6 31. Re3 Nd7 32. Qa5 b6 33. Qe1 Rad8 34.
Bb1 Nf6 35. Rc1 Qb7 36. f3 Rd4 37. Ne2 Rd6 38. Qc3 Nh5 39. Rd3 Rfd8 40. Rcd1
Rxd3 41. Rxd3 Rxd3 42. Bxd3 Qc7 43. Qd4 Qd7 44. Kf2 e5 45. Qxd7 Bxd7 46. g4 Ng7
47. b4 Kf8 48. Be4 Ne6 49. Ke3 Ke7 50. h4 Kd6 51. Bd5 f5 52. Nc3 Nc7 53. Bg8 h6
54. Bf7 fxg4 55. fxg4 Bxg4 56. Bxg6 Ne6 57. Nb5+ Ke7 58. Nxa7 Nf4 59. Be4 Bh3
60. Nc6+ Kd6 61. Na7 Bg2 62. Nb5+ Ke7 63. a4 h5 64. Nc3 Bxe4 65. Kxe4 Kd6 66.
Kf5 Nd3 67. Ne4+ Ke7 68. b5 Nb2 69. Kxe5 Nxc4+ 70. Kd5 Nb2 71. Nc3 Kf6 72. a5
bxa5 73. b6 Nd3 74. b7 Nb4+ 75. Kc5 1-0

[Event "XIII Festival A"]
[Site "Lucca ITA"]
[Date "2001.10.??"]
[Round "5"]
[White "Bini, Lorenzo"]
[Black "Scivales, Daniel"]
[Result "0-1"]
[WhiteElo "2052"]
[BlackElo "1874"]
[PlyCount "96"]
[EventDate "2001.10.06"]

1. d3 d5 2. f4 g6 3. Nf3 Bg7 4. c3 c5 5. Qc2 Nc6 6. e4 e5 7. Be2 Nge7 8. O-O
O-O 9. fxe5 Nxe5 10. Nxe5 Bxe5 11. Bg5 Qd6 12. h3 dxe4 13. dxe4 Nc6 14. Nd2 Bg7
15. Nc4 Qe6 16. Ne3 h6 17. Bc4 Qe8 18. Bf4 Ne5 19. Bb3 Be6 20. Bd5 Bxd5 21.
Nxd5 Rc8 22. Bxh6 Rc6 23. Bg5 f6 24. Bf4 Kh7 25. Rad1 Rf7 26. Qf2 Nd7 27. Qh4+
Kg8 28. Qg3 Kh7 29. Rde1 Nb6 30. Nc7 Qe7 31. Nb5 a6 32. Nd6 Rf8 33. Rd1 Nc8 34.
Nxc8 Rfxc8 35. Qh4+ Kg8 36. Bh6 Re6 37. Bxg7 Kxg7 38. Qg4 Rc7 39. Rfe1 f5 40.
Qf4 fxe4 41. Rd5 b6 42. Rg5 e3 43. Re2 Rd7 44. Rg3 Rd3 45. h4 Re4 46. Qg5 Rd1+
47. Kh2 Rxh4+ 48. Rh3 Qxg5 0-1

[Event "XIII Festival A"]
[Site "Lucca ITA"]
[Date "2001.10.??"]
[Round "5"]
[White "Buli, Vangjel"]
[Black "Bartolini, Tommaso"]
[Result "1-0"]
[WhiteElo "2039"]
[BlackElo "2189"]
[PlyCount "135"]
[EventDate "2001.10.06"]

1. d4 d5 2. c4 Nc6 3. cxd5 Qxd5 4. e3 e5 5. Nc3 Bb4 6. Bd2 Bxc3 7. Bxc3 exd4 8.
Ne2 Bg4 9. f3 O-O-O 10. Nxd4 Nxd4 11. Qxd4 Bxf3 12. Qxd5 Bxd5 13. Bxg7 Ne7 14.
Bxh8 Rxh8 15. Kf2 Rg8 16. Rg1 Rg4 17. a3 Be6 18. Rd1 c5 19. Be2 Rh4 20. h3 Kc7
21. Rd2 Nc6 22. Bf3 Ne5 23. Rc1 c4 24. Kg3 Rh6 25. Bd5 b5 26. Kf4 Nd7 27. e4
Nc5 28. Bxe6 Rxe6 29. Re1 Nd3+ 30. Rxd3 cxd3 31. Ke3 Rg6 32. g4 Rh6 33. Rh1 Rd6
34. g5 d2 35. Rd1 h6 36. h4 hxg5 37. hxg5 Rg6 38. Rxd2 Rxg5 39. Rf2 Rg7 40. Kd4
a6 41. Ke5 Rh7 42. Rf6 a5 43. Kd4 Rh2 44. Rxf7+ Kd6 45. e5+ Ke6 46. Rf6+ Ke7
47. b4 axb4 48. axb4 Rh4+ 49. Kc5 Rh5 50. Rb6 Rxe5+ 51. Kc6 Rh5 52. Rxb5 Rh6+
53. Kc7 Rh4 54. Rb6 Rc4+ 55. Kb7 Kd7 56. b5 Rc7+ 57. Ka6 Rc2 58. Rh6 Rg2 59.
Kb7 Rg7 60. b6 Kd8+ 61. Kb8 Rg2 62. Rd6+ Ke7 63. Rd4 Rc2 64. b7 Ke8 65. Ka7
Ra2+ 66. Kb6 Rb2+ 67. Kc6 Rc2+ 68. Kb5 1-0

[Event "XIII Festival A"]
[Site "Lucca ITA"]
[Date "2001.10.??"]
[Round "5"]
[White "Casarosa, Michele"]
[Black "Del Giudice, Stefano"]
[Result "0-1"]
[WhiteElo "1822"]
[BlackElo "2086"]
[PlyCount "68"]
[EventDate "2001.10.06"]

1. e4 c5 2. Nf3 d6 3. d4 cxd4 4. Nxd4 Nf6 5. Nc3 g6 6. Be3 Bg7 7. Be2 O-O 8.
O-O Nc6 9. Nb3 a5 10. a4 Bd7 11. f4 Qc8 12. Kh1 Nb4 13. Bf3 Be6 14. Nd4 Bc4 15.
Rf2 Qd8 16. Rd2 Nc6 17. e5 Ne8 18. Nxc6 bxc6 19. Bxc6 Rc8 20. Bxe8 Rxe8 21.
exd6 exd6 22. Bd4 Re6 23. Qf3 Bxd4 24. Rxd4 Qb6 25. Rad1 Qxb2 26. Ne4 Qxc2 27.
f5 Be2 28. fxe6 Bxf3 29. gxf3 fxe6 30. Rxd6 Qe2 31. Ng5 Rc2 32. Rd8+ Kg7 33.
R8d7+ Kf6 34. Ne4+ Ke5 0-1

[Event "XIII Festival A"]
[Site "Lucca ITA"]
[Date "2001.10.??"]
[Round "5"]
[White "Efimov, Igor"]
[Black "Mola, Pietro"]
[Result "0-1"]
[WhiteElo "2467"]
[BlackElo "2262"]
[PlyCount "148"]
[EventDate "2001.10.06"]

1. d4 Nf6 2. Nf3 e6 3. c4 b6 4. g3 Bb7 5. Bg2 c5 6. d5 exd5 7. Nh4 g6 8. cxd5
Bg7 9. Nc3 O-O 10. O-O d6 11. Rb1 Na6 12. Re1 Qd7 13. e4 Rfe8 14. Bf1 Nc7 15.
b4 cxb4 16. Rxb4 Ba6 17. Bg2 Ng4 18. Na4 Ne5 19. Nb2 Rac8 20. f4 Ng4 21. Bh3 f5
22. Bd2 Nf6 23. Nxf5 gxf5 24. Bxf5 Qf7 25. g4 Rcd8 26. Qf3 Nd7 27. Qh3 Nf8 28.
Nd1 Nb5 29. Be3 Nc3 30. Qg2 Nxd1 31. Rxd1 Bc8 32. Rc1 Bxf5 33. gxf5 Rc8 34.
Rbc4 Rxc4 35. Rxc4 Kh8 36. a4 Bf6 37. Kf2 Qd7 38. Kf3 Rc8 39. Qc2 Rxc4 40. Qxc4
Qf7 41. h3 Qh5+ 42. Kg2 Qf7 43. Qc6 Qd7 44. e5 Qg7+ 45. Kf3 dxe5 46. fxe5 Bxe5
47. Qe8 Qf6 48. Ke4 Ba1 49. a5 bxa5 50. Bc5 Kg8 51. d6 Qh4+ 52. Kd5 Qxh3 53.
Qe4 Qh5 54. Kc6 Qf7 55. Kb5 Qd7+ 56. Ka6 a4 57. Qg2+ Kh8 58. Qd5 Bf6 59. Qe4 h5
60. Qf3 h4 61. Qh5+ Qh7 62. Qe8 Qg8 63. d7 Qc4+ 64. Kb7 Qb5+ 65. Ka8 Qc6+ 66.
Kb8 Qxc5 67. Qh5+ Kg7 68. Qg4+ Kf7 69. Qh5+ Ke7 70. Qe8+ Kd6 71. Qxf8+ Kxd7 72.
Qxf6 Qb5+ 73. Ka8 Qc6+ 74. Qxc6+ Kxc6 0-1

[Event "XIII Festival A"]
[Site "Lucca ITA"]
[Date "2001.10.??"]
[Round "5"]
[White "Frilli, Guido"]
[Black "Ambrosi, Arcangelo"]
[Result "1/2-1/2"]
[WhiteElo "1708"]
[BlackElo "1887"]
[PlyCount "101"]
[EventDate "2001.10.06"]

1. e4 d5 2. exd5 Nf6 3. Nf3 Nxd5 4. d4 Bg4 5. Be2 e6 6. c3 Bd6 7. O-O O-O 8. h3
Bh5 9. Nbd2 Nf4 10. Bc4 c6 11. Ne4 Bc7 12. Ng3 Bg6 13. Ne5 Nd5 14. Nxg6 hxg6
15. Qf3 Nd7 16. Bd2 Qh4 17. Ne4 N7f6 18. Rfe1 Nh7 19. Nc5 Ndf6 20. Bd3 Rae8 21.
Nxb7 g5 22. g3 Qxh3 23. Bf1 Qf5 24. Qxf5 exf5 25. Bg2 Ne4 26. Bxe4 fxe4 27. Nc5
f5 28. g4 g6 29. c4 Rf7 30. d5 cxd5 31. cxd5 Rd8 32. Ne6 Rxd5 33. Be3 Bb6 34.
Nxg5 Nxg5 35. Bxg5 f4 36. Bh6 e3 37. fxe3 Bxe3+ 38. Kf1 g5 39. Rad1 Rfd7 40.
Rxd5 Rxd5 41. Re2 Kf7 42. b4 Re5 43. Rc2 f3 44. Rc7+ Ke6 45. Bf8 Re4 46. Re7+
Kd5 47. Rxe4 Kxe4 48. a4 Kd5 49. Be7 a6 50. Bf8 Ke5 51. Be7 1/2-1/2

[Event "XIII Festival A"]
[Site "Lucca ITA"]
[Date "2001.10.??"]
[Round "5"]
[White "Innocenti, Luca"]
[Black "Bondielli, Giorgio"]
[Result "1/2-1/2"]
[WhiteElo "1722"]
[BlackElo "2006"]
[PlyCount "85"]
[EventDate "2001.10.06"]

1. c4 e5 2. Nc3 f5 3. d4 e4 4. f3 Nf6 5. Bg5 Bb4 6. e3 O-O 7. f4 d6 8. Bxf6
Qxf6 9. a3 Bxc3+ 10. bxc3 b6 11. Nh3 Nc6 12. Be2 Bb7 13. Kd2 Na5 14. Rb1 d5 15.
Qf1 c5 16. Nf2 cxd4 17. cxd4 Qd6 18. Rb4 Rac8 19. cxd5 Bxd5 20. Qb1 Rc7 21. Rc1
Rxc1 22. Kxc1 Nc6 23. Ra4 Rc8 24. Kd2 Na5 25. Rb4 Qc6 26. Nd1 Kf8 27. Bb5 Qc7
28. Ba6 Bb7 29. Be2 Qf7 30. Rb2 Nc4+ 31. Bxc4 Qxc4 32. Rb5 g6 33. Qb4+ Kf7 34.
Qxc4+ Rxc4 35. Nb2 Rc7 36. Rb3 Ke6 37. Rc3 Rxc3 38. Kxc3 Ba6 39. Kb4 Bf1 40. g3
Kd5 41. Nd1 a5+ 42. Kb3 Bc4+ 43. Kc3 1/2-1/2

[Event "XIII Festival A"]
[Site "Lucca ITA"]
[Date "2001.10.??"]
[Round "5"]
[White "Jones, Gawain C.B."]
[Black "Frugoli, Francesco"]
[Result "1-0"]
[WhiteElo "2216"]
[BlackElo "1858"]
[PlyCount "55"]
[EventDate "2001.10.06"]

1. e4 e5 2. Bc4 Nf6 3. d3 Nc6 4. Nf3 Be7 5. c3 d6 6. Bb3 O-O 7. Nbd2 Na5 8. Bc2
c5 9. Nf1 b5 10. Ng3 Be6 11. O-O b4 12. cxb4 cxb4 13. d4 Qb8 14. d5 Bd7 15. Nh4
Bg4 16. f3 Qb6+ 17. Kh1 Bd7 18. Nhf5 Qd8 19. f4 exf4 20. Bxf4 Bb5 21. Re1 Nc4
22. b3 Nb6 23. Nxe7+ Qxe7 24. Nf5 Qd7 25. Bxd6 Rfe8 26. Bxb4 g6 27. Qd4 gxf5
28. Qxf6 1-0

[Event "XIII Festival A"]
[Site "Lucca ITA"]
[Date "2001.10.??"]
[Round "5"]
[White "Koroveshi, Thoma"]
[Black "Bardi, Massimo"]
[Result "0-1"]
[WhiteElo "2011"]
[BlackElo "1791"]
[PlyCount "120"]
[EventDate "2001.10.06"]

1. d4 f5 2. c4 g6 3. Nc3 Nf6 4. g3 Bg7 5. Bg2 d6 6. Nf3 O-O 7. O-O Nc6 8. d5
Ne5 9. Nxe5 dxe5 10. b3 e4 11. Bb2 e6 12. dxe6 Bxe6 13. Nb5 c6 14. Nd6 Qc7 15.
Qd2 Rad8 16. Rad1 Rd7 17. f3 Qb6+ 18. Kh1 Rfd8 19. Qc1 c5 20. Nb5 a6 21. Nc3
exf3 22. Bxf3 Qc7 23. Qf4 Qxf4 24. gxf4 Rxd1 25. Rxd1 Rxd1+ 26. Nxd1 b5 27. Ne3
Ne4 28. Bxg7 Kxg7 29. cxb5 axb5 30. a4 c4 31. axb5 cxb3 32. Bxe4 fxe4 33. Nd1
e3 34. Kg2 Bd5+ 35. Kf1 Kf7 36. Ke1 Ke6 37. Nb2 Kd6 38. Na4 Bc4 39. b6 Kc6 40.
Kd1 Bb5 41. Nc3 Kxb6 42. Nd5+ Kc5 43. Nxe3 Bxe2+ 44. Kd2 b2 45. Kc2 Kd4 46. Ng2
Ke4 47. Kxb2 Kf3 48. Ne1+ Kxf4 49. Kc3 Ke3 50. Nc2+ Kf2 51. Kd4 Kg2 52. Ke3 Bd1
53. Nd4 Kxh2 54. Kf4 h5 55. Kg5 Kg2 56. Ne6 Kg3 57. Kxg6 h4 58. Ng5 Kg4 59. Kf6
Bc2 60. Ne6 h3 0-1

[Event "XIII Festival A"]
[Site "Lucca ITA"]
[Date "2001.10.??"]
[Round "6"]
[White "Ambrosi, Arcangelo"]
[Black "Bondielli, Giorgio"]
[Result "0-1"]
[WhiteElo "1887"]
[BlackElo "2006"]
[PlyCount "82"]
[EventDate "2001.10.06"]

1. b4 e5 2. Bb2 d6 3. c4 f5 4. e3 Nf6 5. Nf3 Be7 6. Nc3 O-O 7. Be2 b6 8. Qb3
Kh8 9. a4 Bb7 10. Ng5 Qd7 11. c5 d5 12. Rc1 c6 13. cxb6 axb6 14. b5 c5 15. d4
c4 16. Qa2 exd4 17. exd4 Ne4 18. Nf3 Bf6 19. Rb1 Qe6 20. O-O Nd7 21. Rfe1 Qf7
22. Nd1 Rfe8 23. Ne3 Qg6 24. Nc2 f4 25. Nb4 Be7 26. Nc2 Nxf2 27. Kxf2 Qxc2 28.
Kf1 Bb4 29. Rbc1 Qxa4 30. Qxa4 Rxa4 31. Bc3 Bxc3 32. Rxc3 Ra2 33. Ng5 Kg8 34.
Bg4 Rxe1+ 35. Kxe1 Nf6 36. Bf3 Bc8 37. Be2 h6 38. Nf3 Ra1+ 39. Bd1 Bd7 40. Nd2
Bxb5 41. Ke2 Bd7 0-1

[Event "XIII Festival A"]
[Site "Lucca ITA"]
[Date "2001.10.??"]
[Round "6"]
[White "Bardi, Massimo"]
[Black "Buli, Vangjel"]
[Result "1/2-1/2"]
[WhiteElo "1791"]
[BlackElo "2039"]
[PlyCount "95"]
[EventDate "2001.10.06"]

1. e4 c6 2. d4 d5 3. Nc3 dxe4 4. f3 e5 5. dxe5 Qxd1+ 6. Nxd1 exf3 7. Nxf3 Bg4
8. Bf4 Bc5 9. Ne3 Bxe3 10. Bxe3 Nd7 11. Bd4 Nf8 12. O-O-O Ne6 13. Bc4 Ne7 14.
Bxe6 Bxe6 15. Bc5 b6 16. Bd6 c5 17. Ng5 Nf5 18. Nxe6 fxe6 19. b4 cxb4 20. Bxb4
h5 21. Rd3 Rd8 22. Rc3 Rh6 23. Rf1 Rd4 24. Bd6 Nxd6 25. exd6 Rf6 26. Rd1 Rxd1+
27. Kxd1 Rg6 28. g3 Kd7 29. Rc7+ Kxd6 30. Rxa7 h4 31. gxh4 Rg1+ 32. Kd2 Rg2+
33. Kd3 Rxh2 34. Rxg7 Rxh4 35. Rb7 Kc6 36. Re7 Rh6 37. c4 Rh3+ 38. Kd4 Rh4+ 39.
Kd3 Rh6 40. a4 Kc5 41. Rc7+ Kd6 42. Rb7 Rh3+ 43. Ke4 Rh4+ 44. Kd3 Kc5 45. Re7
Rh6 46. Ke4 Kd6 47. Rb7 Rh4+ 48. Kd3 1/2-1/2

[Event "XIII Festival A"]
[Site "Lucca ITA"]
[Date "2001.10.??"]
[Round "6"]
[White "Bartolini, Tommaso"]
[Black "Innocenti, Luca"]
[Result "1/2-1/2"]
[WhiteElo "2189"]
[BlackElo "1722"]
[PlyCount "54"]
[EventDate "2001.10.06"]

1. d4 e6 2. Nf3 b6 3. e4 Bb7 4. Bd3 Ne7 5. Be3 d5 6. e5 Ba6 7. Bxa6 Nxa6 8. c3
Qd7 9. Qd3 Nb8 10. Nbd2 Ng6 11. O-O c5 12. Rfd1 Nc6 13. Nf1 Be7 14. Ng3 O-O 15.
Bg5 cxd4 16. Bxe7 Qxe7 17. cxd4 Rac8 18. Rac1 Rc7 19. Qb5 Rfc8 20. Ne2 Qb4 21.
Qxb4 Nxb4 22. Rxc7 Rxc7 23. Nc3 Rc4 24. g3 Ne7 25. Rd2 h5 26. h4 Nf5 27. Ne2
Rc2 1/2-1/2

[Event "XIII Festival A"]
[Site "Lucca ITA"]
[Date "2001.10.??"]
[Round "6"]
[White "Frilli, Guido"]
[Black "Casarosa, Michele"]
[Result "0-1"]
[WhiteElo "1708"]
[BlackElo "1822"]
[PlyCount "109"]
[EventDate "2001.10.06"]

1. e4 d6 2. d4 Nf6 3. Nc3 g6 4. f3 Bg7 5. Be3 c6 6. Bd3 Nbd7 7. Nge2 e5 8. Qd2
b5 9. dxe5 Nxe5 10. Bh6 O-O 11. h4 b4 12. Nd1 d5 13. Bxg7 Kxg7 14. exd5 Nxd3+
15. cxd3 Nxd5 16. h5 Qe7 17. Rc1 Bb7 18. Rc4 f5 19. hxg6 hxg6 20. Qh6+ Kf7 21.
Qh7+ Kf6 22. Qxe7+ Kxe7 23. Rh6 Kf6 24. Nf4 Nxf4 25. Rxf4 c5 26. Nf2 Rh8 27.
Rxh8 Rxh8 28. Rc4 Rc8 29. d4 Bd5 30. Rxc5 Rxc5 31. dxc5 Bxa2 32. Nd3 a5 33. Kd2
Bd5 34. Ke3 g5 35. Kd4 Ke6 36. Ne5 a4 37. Nd3 a3 38. bxa3 bxa3 39. Kc3 a2 40.
Kb2 f4 41. c6 Bxc6 42. Kxa2 Bb5 43. Ne1 Ke5 44. Kb2 Kd4 45. Nc2+ Kd3 46. Kc1
Ba4 47. Nb4+ Ke2 48. Nd5 Be8 49. Nf6 Bg6 50. Ne4 Bxe4 51. fxe4 g4 52. e5 f3 53.
gxf3 gxf3 54. e6 f2 55. e7 0-1

[Event "XIII Festival A"]
[Site "Lucca ITA"]
[Date "2001.10.??"]
[Round "6"]
[White "Frugoli, Francesco"]
[Black "Bini, Lorenzo"]
[Result "0-1"]
[WhiteElo "1858"]
[BlackElo "2052"]
[PlyCount "90"]
[EventDate "2001.10.06"]

1. d4 d6 2. e4 g6 3. Nc3 Bg7 4. f4 c6 5. Nf3 Bg4 6. Be2 Bxf3 7. Bxf3 Qb6 8. Ne2
e6 9. O-O d5 10. Be3 dxe4 11. Bxe4 Nf6 12. Bf3 O-O 13. Qd3 Nd5 14. Bxd5 cxd5
15. g4 f5 16. g5 Nc6 17. Rf3 Qxb2 18. Rc1 Na5 19. Qd1 Rac8 20. Bf2 b6 21. Be1
Qb5 22. a3 Nc4 23. Rb1 Qe8 24. Bb4 Rf7 25. Nc1 a5 26. Be1 Rfc7 27. c3 Nxa3 28.
Rxb6 Nc4 29. Ra6 Ra8 30. Rxa8 Qxa8 31. Qe2 Qc6 32. Nd3 Rb7 33. Bd2 Kf7 34. Rh3
Rb1+ 35. Kg2 Kg8 36. Kf3 Ra1 37. Be1 e5 38. fxe5 Qa4 39. Nb2 Nxb2 40. Qxb2 Qd1+
41. Kg2 Qxe1 42. Qb8+ Bf8 43. Qb3 Qe2+ 44. Kg3 Rg1+ 45. Kf4 Rg4# 0-1

[Event "XIII Festival A"]
[Site "Lucca ITA"]
[Date "2001.10.??"]
[Round "6"]
[White "Jones, Gawain C.B."]
[Black "Efimov, Igor"]
[Result "0-1"]
[WhiteElo "2216"]
[BlackElo "2467"]
[PlyCount "58"]
[EventDate "2001.10.06"]

1. e4 c5 2. Nc3 e6 3. f4 d5 4. Nf3 Nc6 5. d3 b5 6. g3 b4 7. Ne2 dxe4 8. dxe4
Qxd1+ 9. Kxd1 Bb7 10. Bg2 Nf6 11. e5 Nd5 12. c4 bxc3 13. Nxc3 Ncb4 14. Nxd5 Rd8
15. Nd2 exd5 16. b3 Be7 17. a3 Nc6 18. Bb2 O-O 19. Kc2 a5 20. Rad1 a4 21. bxa4
Ra8 22. Nb3 d4 23. Kb1 Rfb8 24. Rc1 Nxe5 25. Bxb7 Rxb7 26. fxe5 Rxb3 27. Rhf1
Rab8 28. Rf2 Rxa3 29. Rc4 Re3 0-1

[Event "XIII Festival A"]
[Site "Lucca ITA"]
[Date "2001.10.??"]
[Round "6"]
[White "Mola, Pietro"]
[Black "Scivales, Daniel"]
[Result "1-0"]
[WhiteElo "2262"]
[BlackElo "1874"]
[PlyCount "88"]
[EventDate "2001.10.06"]

1. d4 Nf6 2. Bg5 c5 3. Bxf6 gxf6 4. d5 Qb6 5. Qc1 Bh6 6. e3 d6 7. Nd2 Nd7 8.
Ne2 Ne5 9. Nc3 a6 10. a4 a5 11. Bb5+ Kf8 12. O-O Rg8 13. Kh1 Kg7 14. f4 Ng6 15.
Qe1 Kh8 16. Qf2 Qc7 17. g3 f5 18. Rae1 e5 19. Nc4 e4 20. Rd1 Bd7 21. Bxd7 Qxd7
22. Nb6 Qe7 23. Nxa8 Rxa8 24. Qe2 Bg7 25. Nb5 Nf8 26. Rg1 Nd7 27. Qh5 Rf8 28.
c3 Nb6 29. Qe2 Nxa4 30. Ra1 Nb6 31. Rxa5 Nxd5 32. Rd1 Qe6 33. Ra7 Nf6 34. Rxd6
Qe7 35. Ra1 Rd8 36. Rad1 Rxd6 37. Nxd6 Qd7 38. Qb5 Qxb5 39. Nxb5 Bf8 40. h3 Kg7
41. Kg2 Be7 42. Nc7 Kf8 43. Nd5 Ne8 44. Nxe7 Kxe7 1-0

[Event "VI European Club Cup femminile"]
[Site "Belgrado SCG"]
[Date "2001.09.16"]
[Round "1"]
[White "Zhukova, Natalia"]
[Black "Sedina, Elena"]
[Result "1/2-1/2"]
[WhiteElo "2440"]
[BlackElo "2380"]
[PlyCount "41"]
[EventDate "2001.09.16"]

1. d4 Nf6 2. c4 c5 3. d5 b5 4. Nf3 g6 5. cxb5 a6 6. Nc3 axb5 7. d6 Qa5 8. Nd2
c4 9. e4 exd6 10. b4 Qxb4 11. Qf3 Bg7 12. e5 dxe5 13. Qxa8 Qxc3 14. Rb1 O-O 15.
Qxb8 Qc2 16. Qxb5 c3 17. Nc4 d5 18. Ne3 Qxa2 19. Qb3 Qxb3 20. Rxb3 d4 21. Bc4
1/2-1/2

[Event "VI European Club Cup femminile"]
[Site "Belgrado SCG"]
[Date "2001.09.17"]
[Round "2"]
[White "Sedina, Elena"]
[Black "Benderac, Ana"]
[Result "1/2-1/2"]
[WhiteElo "2380"]
[BlackElo "2276"]
[PlyCount "70"]
[EventDate "2001.09.16"]

1. e4 c5 2. Nf3 Nc6 3. Bb5 g6 4. Bxc6 dxc6 5. d3 Bg7 6. h3 e5 7. Be3 Qe7 8.
Nbd2 Nf6 9. Nc4 Nd7 10. Qd2 O-O 11. O-O Rd8 12. a3 b6 13. b4 f6 14. Qc3 Bf8 15.
Nfd2 cxb4 16. Qb3 Kg7 17. axb4 Bb7 18. c3 c5 19. b5 Qe6 20. f4 a6 21. fxe5 Nxe5
22. d4 Nxc4 23. Qxc4 Qxc4 24. Nxc4 axb5 25. Nxb6 Rxa1 26. Rxa1 cxd4 27. Ra7
dxe3 28. Rxb7+ Kh6 29. Nd5 Ra8 30. Kf1 Bc5 31. Nxf6 Ra1+ 32. Ke2 Ra2+ 33. Ke1
Ra1+ 34. Ke2 Ra2+ 35. Ke1 Ra1+ 1/2-1/2

[Event "VI European Club Cup femminile"]
[Site "Belgrado SCG"]
[Date "2001.09.19"]
[Round "4"]
[White "Sedina, Elena"]
[Black "Shumiakina, Tatiana"]
[Result "1/2-1/2"]
[WhiteElo "2380"]
[BlackElo "2371"]
[PlyCount "57"]
[EventDate "2001.09.16"]

1. e4 c5 2. Nf3 Nc6 3. Bb5 e6 4. O-O Nge7 5. c3 a6 6. Be2 d5 7. exd5 Nxd5 8. d4
cxd4 9. Nxd4 Bd7 10. Bf3 Qc7 11. Bxd5 exd5 12. Re1+ Be7 13. Bg5 f6 14. Bh4 Nxd4
15. Qxd4 Bc6 16. Nd2 O-O 17. Bg3 Qd7 18. Nb3 Rfe8 19. Rad1 Bf8 20. h3 Re6 21.
Qd2 Rae8 22. Rxe6 Qxe6 23. Nd4 Qe4 24. Nf3 Qe2 25. Qxe2 Rxe2 26. Rd2 Rxd2 27.
Nxd2 Bc5 28. Nb3 Bb6 29. Nd4 1/2-1/2

[Event "VI European Club Cup femminile"]
[Site "Belgrado SCG"]
[Date "2001.09.20"]
[Round "5"]
[White "Savic, Marijana"]
[Black "Sedina, Elena"]
[Result "0-1"]
[WhiteElo "2180"]
[BlackElo "2380"]
[PlyCount "94"]
[EventDate "2001.09.16"]

1. e4 e6 2. d3 c5 3. Nf3 Nc6 4. g3 d6 5. Bg2 Nf6 6. O-O Be7 7. Re1 O-O 8. c3
Re8 9. d4 d5 10. e5 Ne4 11. Nbd2 Nxd2 12. Bxd2 Qb6 13. Qb3 Bd7 14. Be3 cxd4 15.
Qxb6 axb6 16. Bxd4 Bc5 17. Bf1 h6 18. a3 Bxd4 19. cxd4 Rec8 20. Rec1 Na5 21.
Nd2 b5 22. Rxc8+ Rxc8 23. Bd3 Nc4 24. Nxc4 bxc4 25. Be2 c3 26. bxc3 Rxc3 27.
Kf1 f6 28. f4 Kf7 29. Ke1 Rb3 30. Kd2 Rb2+ 31. Ke3 Bb5 32. Bxb5 Rxb5 33. Rd1 h5
34. Rd3 Rb2 35. h4 Kg6 36. Rc3 Kf5 37. Kf3 b5 38. Rd3 b4 39. axb4 Rxb4 40. exf6
gxf6 41. Ra3 Rxd4 42. Ra8 Rd3+ 43. Kf2 e5 44. fxe5 fxe5 45. Rh8 Ke4 46. Rxh5
Rd2+ 47. Ke1 Ra2 0-1

[Event "VI European Club Cup femminile"]
[Site "Belgrado SCG"]
[Date "2001.09.21"]
[Round "6"]
[White "Sedina, Elena"]
[Black "Alexandrova, Olga"]
[Result "0-1"]
[WhiteElo "2380"]
[BlackElo "2387"]
[PlyCount "60"]
[EventDate "2001.09.16"]

1. e4 c5 2. Nf3 e6 3. d4 cxd4 4. Nxd4 a6 5. c4 Nf6 6. Nc3 Bb4 7. Bd3 Nc6 8.
Nde2 d5 9. a3 dxc4 10. Bxc4 Qxd1+ 11. Kxd1 Bc5 12. f4 b5 13. b4 Bb6 14. Bd3 Ng4
15. Kc2 Nf2 16. Re1 Bb7 17. Nd1 Rc8 18. Kd2 Nxd3 19. Kxd3 O-O 20. Nec3 Nd4 21.
Rb1 Rfd8 22. Rf1 Nb3+ 23. Ke2 Nxc1+ 24. Rxc1 Bxe4 25. Nf2 Bxg2 26. Rg1 Bb7 27.
Rg3 Bxf2 28. Kxf2 Rd2+ 29. Kg1 g6 30. Rf1 Rxc3 0-1

[Event "VI European Club Cup femminile"]
[Site "Belgrado SCG"]
[Date "2001.09.22"]
[Round "7"]
[White "Sedina, Elena"]
[Black "Maric, Alisa"]
[Result "1/2-1/2"]
[WhiteElo "2380"]
[BlackElo "2457"]
[PlyCount "69"]
[EventDate "2001.09.16"]

1. e4 c6 2. d4 d5 3. Nd2 dxe4 4. Nxe4 Bf5 5. Ng3 Bg6 6. N1e2 e6 7. Nf4 Qc7 8.
Bc4 Nf6 9. c3 Bd6 10. Qf3 Nbd7 11. O-O O-O 12. h3 c5 13. Nxg6 hxg6 14. dxc5
Nxc5 15. Bg5 Nfd7 16. Rad1 Ne5 17. Qe2 Nxc4 18. Qxc4 Rac8 19. Ne4 b5 20. Qd4
Nxe4 21. Qxe4 Qc6 22. Qxc6 Rxc6 23. Rd3 f6 24. Be3 Bc5 25. Bxc5 Rxc5 26. Rd7
Rf7 27. Rfd1 a5 28. Rxf7 Kxf7 29. Rd7+ Kg8 30. Kf1 b4 31. cxb4 axb4 32. Ke2 Ra5
33. Rb7 Rxa2 34. Rxb4 g5 35. Rb7 1/2-1/2